000 00306nam a2200109Ia 4500
008 190216s9999||||xx |||||||||||||| ||und||
100 _a"Drover Cb. Bosley R W B, Fidler Pjm"
245 0 _aSheldon`S Practice Of Law Of Banking
260 _bPrentice Hall Of India Pvt Ltd
_c1972
300 _a702p
942 _cBK
999 _c5129
_d5129